[Event "Fall Chess Classic 2017-B"]
[Site "Saint Louis"]
[Date "2017.09.12"]
[Round "7"]
[White "Ni, Shiqun"]
[Black "Prasanna Raghuram Rao"]
[Result "1/2-1/2"]
[WhiteElo "2426"]
[BlackElo "2455"]
[Annotator "TA"]
[PlyCount "165"]
[EventDate "2017.??.??"]
[EventType "tourn"]
[EventCountry "USA"]
[SourceTitle "playchess.com"]
[Source "ChessBase"]
[SourceQuality "1"]

{[%evp 25,165,29,47,20,32,21,27,20,16,17,29,-18,18,13,27,34,31,34,26,27,29,33,62,61,57,50,94,93,67,85,109,29,38,47,39,42,55,38,50,33,115,122,129,126,157,114,124,121,120,120,127,127,128,128,127,108,147,106,106,76,113,10,10,10,11,12,12,8,8,0,0,0,0,0,0,0,8,8,20,8,8,8,8,8,124,131,132,132,132,132,132,132,90,91,94,8,8,0,0,0,0,0,0,0,0,0,0,0,0,0,0,0,0,0,0,0,0,0,0,0,0,0,0,0,0,0,0,0,0,0,0,0,0,0,0,0,0,0,0,0,0,0]} 1. e4 c5 2. Nf3 Nc6 3. d4 cxd4 4. Nxd4 e5 5. Nb5 d6 6. c4 Be7 7. N1c3 a6 8. Na3 f5 9. exf5 Bxf5 10. Bd3 Be6 11. O-O Nf6 12. Nc2 {B32: Sicilian: Löwenthal and Kalashnikov Variations} O-O (12... Qd7 13. Bg5 O-O 14. b3 Bd8 15. Rb1 Bb6 16. Be3 Bc7 17. Qd2 h6 18. f3 Rad8 19. Be4 Ba5 {½-½ (52) Andreikin,D (2736)-Roganovic,M (2478) Novi Sad 2016}) 13. b3 Rc8 {LiveBook: 5 Games} 14. Bg5 {White is slightly better.} (14. Nd5 $5) 14... Ng4 15. Bxe7 Qxe7 {[#]} 16. Qd2 $146 ({Predecessor:} 16. h3 Nh6 17. Ne3 Nd4 18. Be4 b5 19. Qd3 bxc4 {½-½ (43) Borisek,J (2548)-Bartel,M (2602) Dresden 2008}) 16... Qh4 {[%csl Gg4][%cal Rh4h2]} 17. h3 Nf6 {[%cal Bg4f6,Bf6h5,Bh5f4][%mdl 32]} 18. Rfe1 Rcd8 19. Rad1 Nh5 20. Be4 Nf4 21. Nd5 Bxd5 22. Bxd5+ Kh8 23. Qe3 Rf6 24. Be4 Rdf8 25. Rd2 Ne7 26. Qg3 (26. Bxb7 d5 $17) 26... Qh5 27. Qg4 Qf7 28. Ne3 (28. Qd7 $1 $16) 28... Nc6 $1 $11 29. Nd5 $40 {[%mdl 128] White has some attack.} Nxd5 30. Bxd5 Qc7 31. Bxc6 bxc6 32. Qe4 (32. Rxe5 $5 dxe5 33. Rd7 Qxd7 34. Qxd7 $14) 32... a5 {[#]} (32... Rf4 $14 33. Qd3 Rd4) 33. c5 $1 $16 {[%cal Rc5d6][%mdl 512]} dxc5 34. Qxe5 Qb6 35. Qe3 a4 36. bxa4 Qb4 37. Rc1 c4 38. Qc3 Qxa4 39. Qxc4 Qa5 40. Qc3 Qg5 41. Rcd1 h6 42. Qe3 Qf5 43. Rd8 ({White should play} 43. a4 $16) 43... Qxf2+ $11 44. Qxf2 Rxf2 45. Rxf8+ Rxf8 {[%mdl 4096] Endgame KR-KR} 46. a4 Ra8 47. Ra1 Kg8 48. Kf2 Kf7 49. Ke3 Ke6 50. Kd4 Kd6 51. a5 Kc7 52. a6 Kb6 53. Rb1+ Kxa6 54. Kc5 {Threatens to win with Ra1+.} Rf8 {[#]} (54... Rd8 $11) 55. Rb6+ $1 $16 Ka5 {Hoping for ...Rf5+.} 56. Rxc6 Rf5+ 57. Kd4 {Rc5+ is the strong threat.} Rf7 58. Kd5 Rf5+ 59. Ke4 Rg5 60. Kf3 (60. g4 $16) 60... Kb5 $11 {The position is equal.} 61. Rc2 (61. Re6 {feels hotter.} Kc4 62. h4 Rd5 63. Kg4 Kc5 64. g3) 61... Rc5 62. Rd2 Kc6 63. Rd4 Rd5 64. Rg4 Rd7 65. Ke4 Rf7 66. Ke5 Kd7 67. Ra4 Ke7 68. Ra7+ Kf8 69. Ra8+ Ke7 70. Rg8 Kd7 71. g4 Ke7 72. h4 Kd7 73. Ra8 Ke7 74. g5 hxg5 75. hxg5 Rf1 76. Ra7+ Kf8 77. Ke6 {[%cal Ra7a8]} Kg8 78. Ke5 Kh7 79. Ra6 Rf2 80. Rb6 Rf1 81. Ra6 Rf2 82. Rb6 Rf1 83. Ra6 {Precision: White = 64%, Black = 71%.} 1/2-1/2

[Event "Fall Chess Classic 2017-B"]
[Site "Saint Louis"]
[Date "2017.09.13"]
[Round "8"]
[White "Pichot, Alan"]
[Black "Ni, Shiqun"]
[Result "1/2-1/2"]
[WhiteElo "2565"]
[BlackElo "2426"]
[Annotator "TA"]
[PlyCount "95"]
[EventDate "2017.??.??"]
[EventType "tourn"]
[EventCountry "USA"]
[SourceTitle "playchess.com"]
[Source "ChessBase"]
[SourceQuality "1"]

{[%evp 19,95,32,32,29,32,22,15,1,2,10,27,32,35,30,46,22,22,29,39,0,0,0,0,-17,13,16,16,18,23,20,84,10,51,49,95,52,47,0,55,55,37,37,123,0,0,0,0,0,0,0,0,0,0,0,0,0,0,-8,-8,-8,-8,-8,0,0,0,0,0,0,0,0,0,0,0,0,0,0,0,0]} 1. e4 e5 2. Nf3 Nf6 3. Nxe5 d6 4. Nf3 Nxe4 5. Bd3 Nf6 6. O-O {C42: Petroff Defence: 3 Nxe5 and unusual White 3rd moves} Be7 7. c3 O-O 8. Bc2 b6 9. d4 Bb7 10. Re1 Nbd7 {LiveBook: 3 Games} 11. Bg5 (11. Nbd2 Re8 12. Nf1 Bf8 13. Bf4 Rxe1 14. Nxe1 {½-½ (62) Leko,P (2730)-Dominguez Perez,L (2754) Beijing 2013}) 11... Re8 12. Nbd2 Nd5 $146 ({Find the theoretical novelty and annotate with similar games:} 12... g6 13. Ne4 Nxe4 14. Bxe4 Bxe4 15. Rxe4 Bxg5 16. Rxe8+ Qxe8 17. Nxg5 {½-½ (41) Himpenmacher,A (2182)-Voiteanu,C (2250) Germany 2015}) 13. Bxe7 Rxe7 14. c4 Nb4 15. Rxe7 Qxe7 16. Bf5 {Black must now prevent Qa4.} Nf6 17. Qa4 d5 18. a3 Nc6 19. Rc1 dxc4 20. Qxc4 Rd8 21. b4 a6 22. Re1 Qd6 {[%cal Rc6d4]} 23. Ne4 $36 {[%mdl 2048] White has some pressure.} Nxe4 $1 24. Bxe4 {aiming for Ng5.} b5 {[#]} (24... h6 $11) 25. Qc3 (25. Bxh7+ $1 $16 Kf8 26. Qc3) 25... g6 26. h4 h5 27. Ne5 Re8 $1 28. f4 Nd8 (28... Ba8 $11) 29. Bxb7 $14 Nxb7 30. f5 Nd8 {[#]} ({Black should try} 30... gxf5 $14 31. Qg3+ Kh7) 31. fxg6 ({Only move:} 31. Rf1 $1 $16) 31... fxg6 $11 {The position is equal.} 32. Re3 Re6 33. Qd3 Kg7 34. Nf3 Rxe3 35. Qxe3 Ne6 36. Qe4 c6 37. Kf2 Qd5 38. Qxd5 (38. Qe5+ {with more complications.} Kf7 39. Qh8 Ke7 40. Qh7+ Kf6 41. Qh8+) 38... cxd5 {[%mdl 4096] Endgame KN-KN} 39. Ke3 Kf6 40. Ne5 Ng7 {White should prevent ...Nf5+.} 41. g4 Ne6 42. Nd7+ Ke7 43. Nc5 hxg4 44. Nxe6 Kxe6 45. Kf4 {[#]} g3 $1 {[%mdl 512]} 46. Kxg3 Kf5 {Strongly threatening ...Ke4.} 47. Kf3 g5 48. hxg5 {Precision: White = 56%, Black = 62%.} 1/2-1/2

[Event "Fall Chess Classic 2017-B"]
[Site "Saint Louis"]
[Date "2017.09.13"]
[Round "8"]
[White "Ramirez, Alejandro"]
[Black "Arribas Lopez, Angel"]
[Result "1-0"]
[WhiteElo "2563"]
[BlackElo "2505"]
[Annotator "TA"]
[PlyCount "63"]
[EventDate "2017.??.??"]
[EventType "tourn"]
[EventCountry "USA"]
[SourceTitle "playchess.com"]
[Source "ChessBase"]
[SourceQuality "1"]

{[%evp 12,63,0,11,25,14,58,48,103,77,103,93,97,98,109,88,195,193,216,191,235,196,182,132,120,115,151,135,150,146,129,154,143,148,129,122,213,194,457,539,537,489,540,521,470,381,5214,5402,5214,5285,1966,1968,29990,29991]} 1. b3 e5 2. Bb2 Nc6 3. Nf3 e4 4. Nd4 Nxd4 5. Bxd4 Nf6 6. e3 Be7 {A01: Nimzowitsch-Larsen Opening} (6... d5 7. c4 dxc4 8. Bxc4 Bd6 9. Nc3 Bf5 10. f3 O-O 11. O-O Bg6 12. fxe4 Nxe4 13. Nxe4 Bxe4 14. Qg4 {1-0 (43) Li,R (2568)-Esipenko,A (2523) Saint Louis 2017}) 7. c4 {LiveBook: 7 Games} c5 8. Bb2 O-O $146 {The position is equal.} ({Predecessor:} 8... d5 9. cxd5 Qxd5 10. Nc3 Qg5 11. h4 Qf5 12. d3 O-O 13. Qc2 exd3 14. Bxd3 {1-0 (30) Sassler,A (2273)-Martys,M (2291) LSS email 2009}) 9. Nc3 d6 (9... d5 $14) 10. Qc2 Bf5 11. d3 Qa5 12. O-O-O exd3 13. Bxd3 Bg6 (13... Bxd3 $16 14. Qxd3 Rfe8) 14. e4 $18 a6 15. f4 {[%cal Bf2f4,Bf4f5][%mdl 32]} h6 16. f5 Bh7 17. g4 Nxg4 18. Nd5 Bg5+ 19. Kb1 Ne3 20. Nxe3 Bxe3 21. f6 {Black must now prevent e5.} g6 22. Rhe1 Bd4 23. Qc1 $40 {[%mdl 128] White is out for blood.} Bxb2 (23... Qd8 $16 {was called for.}) 24. Kxb2 g5 $2 {[#]} (24... Qd8 {was worth a try.}) 25. h4 $1 {[%mdl 512]} Rfe8 (25... gxh4 26. Qxh6) 26. hxg5 Re5 27. Qf4 Bg6 28. Rh1 ({Weaker is} 28. gxh6 Kh8 $18) 28... Rxg5 $2 {[#]} (28... h5 29. Rh4 Rae8) 29. Rdg1 Rxg1 30. Rxg1 Qd8 31. e5 {[%cal Be4e5,Be5e6][%mdl 32]} Kh7 32. e6 {Precision: White = 94%, Black = 29%.} 1-0

[Event "Fall Chess Classic 2017-B"]
[Site "Saint Louis"]
[Date "2017.09.13"]
[Round "8"]
[White "Shabalov, Alexander"]
[Black "Pavlidis, Antonios"]
[Result "0-1"]
[WhiteElo "2563"]
[BlackElo "2536"]
[Annotator "TA"]
[PlyCount "106"]
[EventDate "2017.??.??"]
[EventType "tourn"]
[EventCountry "USA"]
[SourceTitle "playchess.com"]
[Source "ChessBase"]
[SourceQuality "1"]

{[%evp 12,106,-29,-24,8,0,11,-5,9,0,4,-29,0,-10,0,0,0,-50,-49,-55,-10,-100,-67,-77,-59,-118,-117,-113,-112,-127,-106,-118,-114,-113,-117,-110,-103,-209,-215,-232,-235,-250,-193,-185,-174,-190,-196,-235,-225,-313,-225,-251,-234,-248,-203,-210,-212,-237,-241,-309,-304,-290,-270,-236,-172,-172,-172,-172,-170,-170,-80,-80,-79,-85,-85,-85,-83,-78,-85,-153,-148,-158,-165,-243,-239,-239,-239,-679,-673,-754,-720,-1653,-1354,-29970,-29971,-29983,-29984]} 1. e4 c5 2. Na3 Nc6 3. Bb5 g6 4. c3 Nf6 5. d3 Bg7 6. f4 O-O 7. Nf3 a6 {B21: Sicilian: 2 f4 and Morra Gambit} (7... d6 8. O-O Bd7 9. Qe1 e6 10. Qh4 Nh5 11. g4 Qxh4 12. Nxh4 Bf6 13. Nxg6 hxg6 14. gxh5 gxh5 15. Ba4 {1-0 (58) Zvjaginsev,V (2670)-Ponomariov,R (2738) Sochi 2006}) 8. Bxc6 bxc6 9. O-O d6 {The position is equal.} 10. Qe1 a5 11. Bd2 $146 ({Predecessor:} 11. Qh4 Ba6 12. c4 d5 13. e5 Nd7 14. Be3 e6 15. Qh3 {1-0 (51) Lehmann,S (1992)-Taylor,M (2098) Guernsey 2012}) 11... a4 12. Rd1 Rb8 13. Bc1 Be6 14. Qh4 Bxa2 15. f5 e6 16. c4 (16. fxg6 $11 fxg6 17. e5 dxe5 18. Nxe5) 16... Nd7 $36 {[%mdl 2048] Black fights for an advantage.} 17. Bg5 f6 $1 {[%cal Rf6g5]} 18. Bc1 (18. fxg6 $15 hxg6 19. Bc1) 18... exf5 $17 19. exf5 Ne5 20. Qg3 g5 21. Rf2 Nxf3+ 22. Qxf3 Qd7 23. h4 h6 24. d4 (24. Rdf1 $17) 24... Bb3 $19 ({Stronger than} 24... gxh4 25. dxc5 d5 26. Qg4 $11) 25. Rd3 cxd4 ({Not} 25... gxh4 26. dxc5 d5 27. Qg4 $11) 26. Rxd4 Rbe8 27. Bd2 Re5 28. Bc3 Rfe8 29. hxg5 hxg5 30. Rd3 Re4 31. Qh5 Re3 32. Rf3 Rxf3 33. Qxf3 d5 $1 34. Qf2 Re4 35. cxd5 Bxd5 36. Nc2 Rf4 37. Qd2 {Now Ne3 and White clings on.} Qxf5 ({Weaker is} 37... Rxf5 38. Ne3 $17) 38. Ne3 Qe4 39. Nxd5 cxd5 40. Rxd5 Qb1+ (40... Bf8 $1 $19 {and Black stays clearly on top. White must now prevent ...Qc4.} 41. Rb5 Kh7) 41. Qd1 $17 Qxd1+ 42. Rxd1 {[%mdl 4096] Endgame KRB-KRB} Bf8 43. g3 Bc5+ 44. Kg2 Rf2+ 45. Kh3 {[#]} (45. Kh1 $142) 45... Be7 $1 46. Bd4 {[#]} Rc2 $1 47. Rd3 (47. Kg4 $142) 47... f5 {[%csl Gf5][%cal Rg5g4,Bf6f5,Bf5f4,Bf4f3][%mdl 32]} 48. g4 f4 49. Rd1 $2 (49. Be5) 49... Kf7 $19 50. Ra1 Bd6 51. Bg1 Rxb2 52. Rxa4 f3 53. Ra1 Rg2 {Precision: White = 30%, Black = 73%.} 0-1

[Event "Fall Chess Classic 2017-B"]
[Site "Saint Louis"]
[Date "2017.09.13"]
[Round "8"]
[White "Friedel, Joshua E"]
[Black "Prasanna Raghuram Rao"]
[Result "1-0"]
[WhiteElo "2547"]
[BlackElo "2455"]
[Annotator "TA"]
[PlyCount "105"]
[EventDate "2017.??.??"]
[EventType "tourn"]
[EventCountry "USA"]
[SourceTitle "playchess.com"]
[Source "ChessBase"]
[SourceQuality "1"]

{[%evp 28,105,11,0,49,18,33,33,76,0,7,7,13,0,0,0,0,0,17,0,37,0,0,0,0,0,28,28,28,35,29,0,123,81,223,147,141,123,297,292,253,232,315,287,304,274,274,270,274,274,267,272,271,261,384,397,387,356,377,300,356,292,361,359,731,716,888,801,839,816,1138,1143,1679,1599,5791,5110,29986,29987,29987,29988]} 1. d4 d5 2. c4 c6 3. Nf3 Nf6 4. Nc3 dxc4 5. a4 Bf5 {[%cal Bc8f5,Bf5g6,Bg6h5][%mdl 32]} 6. e3 Nbd7 7. Bxc4 e6 8. O-O Bb4 9. Qe2 O-O 10. e4 Bg6 11. Bd3 Be7 {D19: Slav Defence: 5 a4 Bf5 6 e3: Main line with 9 Qe2} (11... Bh5 12. e5 Nd5 13. Nxd5 cxd5 14. Qe3 Re8 15. Bd2 Qa5 16. Qe1 Bxd2 17. Qxd2 Qxd2 18. Nxd2 Nb8 19. Rfc1 Nc6 20. Bb5 Reb8 21. Nb3 a6 22. Bf1 {½-½ (56) Wojtaszek,R (2750)-Aronian,L (2780) Wijk aan Zee 2017}) 12. a5 Bh5 13. e5 Nd5 14. Nxd5 cxd5 15. Qe3 {[#] LiveBook: 5 Games} Bg6 $146 ({Predecessor:} 15... Nb8 16. Bd2 Nc6 17. Bc3 a6 18. Nd2 Bg6 19. Bxg6 fxg6 20. Qh3 Qd7 21. Nb3 Na7 22. f4 Nb5 {0-1 (72) Kozul,Z (2622)-Mamedov,R (2666) Baku 2016}) 16. Bd2 Nb8 17. Bxg6 hxg6 18. Qb3 ({Better is} 18. g3 $16) 18... Qd7 $11 19. Bg5 Nc6 20. Bxe7 Qxe7 21. a6 bxa6 22. Rxa6 Rfb8 23. Qa4 Nd8 24. b3 Rb4 25. Qa3 Qb7 26. Rb1 Rb5 27. Qa4 Nc6 28. Rc1 Ne7 29. Rc3 Nf5 (29... Rb6 $11 30. Ra5 Rb4) 30. g4 Ne7 (30... Rb4 $16 31. Qc6 Qxc6 32. Raxc6 Ne7) 31. Kg2 g5 32. Kg3 Rb4 $2 {[#]} (32... Ng6 $16 {is a better defense.}) 33. Rxa7 $1 $18 {[%mdl 512]} Qxa7 ({Much weaker is} 33... Rxa4 $6 34. Rxb7 R4a7 35. Rxa7 $18) ({Not} 33... Rxa7 34. Qe8+ Kh7 35. Nxg5+ Kh6 36. Qh8+ Kxg5 37. Qh5#) (33... Rxa7 34. Qe8+) 34. Qxb4 Ng6 35. Nxg5 Rb8 36. Qd6 Rf8 37. Qc5 Qa1 {Threatens to win with ...Qg1+.} 38. Rc1 Qa6 {intending ...Qd3+.} 39. Nf3 Qd3 40. Qc2 Qb5 (40... Qxc2 $142 41. Rxc2 Rb8) 41. h4 {[%cal Bh2h4,Bh4h5,Bh5h6][%mdl 32]} Rb8 42. h5 Nf8 43. Rb1 Qb4 44. Qc1 Qb7 45. h6 g6 $2 (45... Qe7 46. hxg7 Kxg7) 46. b4 {[%cal Bb3b4,Bb4b5,Bb5b6][%mdl 32]} Rc8 47. Qf4 {White threatens Qf6 and mate.} Nh7 48. b5 Rc3 49. Qd2 Rc4 50. b6 f5 51. Qa5 Rc8 52. Qa7 Rb8 53. Rc1 {Precision: White = 66%, Black = 33%.} 1-0

[Event "Fall Chess Classic 2017-B"]
[Site "Saint Louis"]
[Date "2017.09.13"]
[Round "8"]
[White "Abrahamyan, Tatev"]
[Black "Chandra, Akshat"]
[Result "1-0"]
[WhiteElo "2333"]
[BlackElo "2481"]
[Annotator "TA"]
[PlyCount "71"]
[EventDate "2017.??.??"]
[EventType "tourn"]
[EventCountry "USA"]
[SourceTitle "playchess.com"]
[Source "ChessBase"]
[SourceQuality "1"]

{[%evp 14,71,5,0,18,-22,15,2,1,10,22,12,29,10,18,24,13,0,16,0,8,0,0,0,29,15,27,11,27,22,68,39,21,25,226,214,233,216,351,338,339,182,403,409,373,362,411,404,595,334,313,312,739,725,1391,1339,29989,29990,29990,299]} 1. e4 e5 2. Nf3 Nc6 3. Bc4 Nf6 4. d3 Bc5 5. O-O d6 6. c3 O-O 7. Nbd2 a5 {C54: Giuoco Piano: 4 c3 Nf6, main lines with 5 d4 and 5 d3} 8. Re1 {LiveBook: 5 Games} a4 (8... Ng4 9. Re2 Kh8 10. h3 Nh6 11. Nf1 f5 12. Bg5 Qe8 13. d4 Bb6 14. exf5 Nxf5 15. dxe5 Nxe5 16. Nxe5 dxe5 {0-1 (40) Lu,S (2638)-Ding,L (2781) Danzhou 2017}) 9. a3 $146 ({Find the theoretical novelty and annotate with similar games:} 9. Nf1 Ra5 10. Be3 b5 11. b4 axb3 12. Bxb3 Bg4 13. h3 Bxf3 14. Qxf3 b4 15. cxb4 Bxb4 16. Red1 Bc5 17. Rab1 Nd7 18. Ng3 Nd4 19. Bxd4 Bxd4 {½-½ (19) Almarza Mato,C (2146)-Mamrukov,D (2232) ICCF email 2013}) 9... h6 {The position is equal.} 10. Bb5 Bd7 11. Nf1 Ne7 (11... Ng4 {looks sharper.} 12. Be3 Bxe3 13. Nxe3 Nxe3 14. Rxe3 Nb8) 12. Bxd7 Nxd7 (12... Qxd7 {with more complications.} 13. Ng3 Bb6 14. d4 Qb5 15. Qc2 Rfe8) 13. d4 exd4 14. cxd4 Bb6 15. Ng3 f5 16. Qc2 {[%cal Re4f5]} fxe4 $1 17. Qxe4 Rf7 18. Nh5 {Strongly threatening Bg5.} ({Of course not} 18. Qxb7 Nf6 $17) 18... Ra5 19. Qg4 Nf6 20. Nxf6+ Rxf6 21. Bd2 $36 {[%mdl 2048] White is pushing.} Rd5 22. h3 Nf5 {[%cal Rf5d4]} 23. Re4 {[%cal Be1e4,Be4e6,Be6e8,Be8d8][%mdl 32] Black must now prevent Rae1.} Kh7 $2 (23... c6 $11 {and Black has nothing to worry.}) 24. Rae1 $18 {Hoping for Re8.} Rg6 25. Qf4 Qf6 (25... Qd7 $142 26. Bc3 c6) 26. Bc3 c6 27. g4 (27. h4 $142) 27... Bd8 $2 {[#]} (27... Ne7) 28. Re6 $1 {[%cal Re6f6][%mdl 512]} Qf7 (28... Qxe6 29. Rxe6) 29. Re8 Bg5 30. Nxg5+ Rxg5 (30... hxg5 {keeps fighting.} 31. Qf3 Nh6) 31. Kf1 Rg6 {If Black can now play ...Rf6 this consolidates a bit.} 32. Rd8 Rf6 $2 (32... Re6 33. Rxe6 (33. gxf5 Rxf5 34. Qd2 Ref6 $16) 33... Qxe6 34. gxf5 Rxf5) 33. Ree8 g5 34. Qe4 Rg6 35. gxf5 Rxf5 36. Rh8+ {Precision: White = 55%, Black = 40%.} 1-0

[Event "Fall Chess Classic 2017-B"]
[Site "Saint Louis"]
[Date "2017.09.14"]
[Round "9"]
[White "Pavlidis, Antonios"]
[Black "Abrahamyan, Tatev"]
[Result "1-0"]
[WhiteElo "2536"]
[BlackElo "2333"]
[Annotator "TA"]
[PlyCount "47"]
[EventDate "2017.??.??"]
[EventType "tourn"]
[EventCountry "USA"]
[SourceTitle "playchess.com"]
[Source "ChessBase"]
[SourceQuality "1"]

{[%evp 25,47,104,137,28,177,161,156,145,151,125,357,343,668,357,308,7,522,528,2863,615,2906,2663,29990,2568]} 1. e4 e6 2. d4 d5 3. Nc3 Bb4 4. e5 Ne7 5. a3 Bxc3+ 6. bxc3 c5 7. Qg4 cxd4 8. Bd3 Qc7 9. Ne2 dxc3 10. Qxg7 Rg8 11. Qxh7 Qxe5 {C18: French: 3 Nc3 Bb4: Main line: 7 h4 and 7 Qg4} 12. h4 (12. Bf4 Qf6 13. h4 Rxg2 14. Kf1 Rg8 15. Rg1 Rh8 16. Bg5 Rxh7 17. Bxf6 Rh6 18. Bg5 Rh8 19. Bf6 Rh6 20. Bg5 Rh8 21. Bf6 {½-½ (21) Leko,P (2728)-Shirov,A (2713) Saratov 2011}) 12... Rxg2 13. Bg5 Nbc6 {LiveBook: 3 Games. White is better.} 14. Qh5 $146 (14. Kf1 $16 Rxg5 15. hxg5) ({Predecessor:} 14. Kf1 Rxg5 15. hxg5 Qxg5 16. Qh8+ Kd7 17. Nxc3 b6 18. Rh5 Qg4 19. Ne2 {0-1 (36) Firat,B (2486)-Lugovskoy,M (2401) Moscow 2015}) 14... b6 (14... Bd7 $11) 15. Kf1 $1 $18 {[%cal Rf1g2][%mdl 1024] White has strong compensation.} Rh2 16. Rg1 $1 Rh3 17. Ng3 Qg7 $2 (17... Rh2 $16) 18. Re1 Bd7 $2 (18... Qd4 19. Bb5 (19. Kg2 e5 $18) 19... Qc5) 19. Bxe7 Nxe7 20. Ne4 $2 (20. Nf5 $1 $18 {[%cal Rf5g7]} Qf6 21. Ng7+ Kf8 22. Qh8+ Ng8 23. Nxe6+ $1 {[%mdl 512]} Ke7 24. Nc7+ Kd6 25. Qxf6+ Nxf6 26. Nxa8) 20... Qd4 $2 {[%mdl 8192] [#]} ({But not} 20... Qf8 $2 21. Nd6+ Kd8 22. Nxf7+ Ke8 23. Ng5+ Kd8 24. Nxh3 $18) (20... Ng6 $1 $11 21. Nd6+ Kd8) 21. Ng5 $1 {[%csl LRe6,LRf7,LRh3]} Qxh4 22. Qxf7+ Kd8 {Now ...Rh1 and Black clings on.} 23. Qf8+ Be8 24. Rxe6 {Precision: White = 58%, Black = 20%.} (24. Bb5 $142 Qxg5 25. Qxe8+ Kc7 26. Qd7+ Kb8 27. Ba6 Qxg1+ 28. Kxg1 Rg3+ 29. fxg3 Ng8 30. Qd8#) 1-0

[Event "Fall Chess Classic 2017-B"]
[Site "Saint Louis"]
[Date "2017.09.14"]
[Round "9"]
[White "Arribas Lopez, Angel"]
[Black "Friedel, Joshua E"]
[Result "0-1"]
[WhiteElo "2505"]
[BlackElo "2547"]
[Annotator "TA"]
[PlyCount "46"]
[EventDate "2017.??.??"]
[EventType "tourn"]
[EventCountry "USA"]
[SourceTitle "playchess.com"]
[Source "ChessBase"]
[SourceQuality "1"]

{[%evp 16,46,9,8,23,15,11,-97,-105,-131,-129,-123,-114,-127,-117,-122,-91,-220,-220,-220,-220,-229,-205,-203,-191,-212,-182,-183,-178,-175,-183,-184,-176]} 1. e4 e5 2. Nf3 Nc6 3. d4 exd4 4. Nxd4 Nf6 5. Nxc6 bxc6 6. Bd3 {[%cal Bf1d3,Bd3e4,Be4c6][%mdl 32]} d5 7. Qe2 dxe4 {C45: Scotch Game} 8. Nc3 Bb4 9. Bxe4 {LiveBook: 8 Games} O-O {The position is equal.} (9... Bxc3+ $5 10. bxc3 Nxe4 11. Qxe4+ Qe7 12. Qxe7+ Kxe7 $11) 10. Bxc6 Rb8 {Strongly threatening ...Rb6.} 11. Be3 (11. O-O $11) 11... Ng4 $146 ({Predecessor:} 11... Qd6 12. Bf3 Ba6 13. Qd2 Qe7 14. O-O-O Ba3 15. Na4 Bxb2+ 16. Nxb2 {½-½ (56) Tari,A (2593)-Vidit,S (2692) Khanty-Mansiysk 2017}) 12. Bxa7 Qf6 13. O-O-O {[#]} Bxc3 $1 {[%mdl 512]} 14. bxc3 Qxc6 ({But not} 14... Qxc3 $6 15. Bxb8 Qa3+ 16. Kd2 $11 (16. Kb1 Ba6 $17)) 15. Bxb8 {aiming for Qe7.} Qxc3 16. Qe7 {[#]} (16. Qf3 $17 Qa1+ 17. Kd2 Rd8+ 18. Ke1 Re8+ 19. Kd2) 16... Bf5 $1 $19 {[%csl Gf5][%cal Rc3c2] Black is clearly better.} ({Not} 16... Nxf2 17. Rd8 $11) 17. Qxc7 Qa3+ 18. Kb1 {Black must now prevent Rd8.} Nxf2 19. Rd8 {Hoping for Rf1.} Nxh1 20. Qb6 Rxd8 21. Qxd8+ Qf8 22. Qxf8+ Kxf8 23. Ba7 Be4 0-1